Statistics for 2018-19 UEFA Champions League Results

Click here to take the quiz!

General Stats

  • This quiz has been taken 903 times
  • The average score is 24 of 32

Answers on the Map

Answers color-coded by a green-red scale on the quiz's map according to % correct below.
 

Answer Stats

Club% Correct
๐Ÿ‡ช๐Ÿ‡ธBarcelona
99%
๐Ÿ‡ณ๐Ÿ‡ฑAjax
98%
๐Ÿด๓ ง๓ ข๓ ฅ๓ ฎ๓ ง๓ ฟLiverpool
98%
๐Ÿด๓ ง๓ ข๓ ฅ๓ ฎ๓ ง๓ ฟManchester City
97%
๐Ÿ‡ช๐Ÿ‡ธReal Madrid
97%
๐Ÿด๓ ง๓ ข๓ ฅ๓ ฎ๓ ง๓ ฟTottenham Hotspur
97%
๐Ÿ‡ฉ๐Ÿ‡ชBayern Munich
96%
๐Ÿ‡ซ๐Ÿ‡ทParis Saint-Germain
96%
๐Ÿ‡ฎ๐Ÿ‡นJuventus
95%
๐Ÿด๓ ง๓ ข๓ ฅ๓ ฎ๓ ง๓ ฟManchester United
95%
๐Ÿ‡ฉ๐Ÿ‡ชBorussia Dortmund
94%
๐Ÿ‡ช๐Ÿ‡ธAtlรฉtico Madrid
91%
๐Ÿ‡ฎ๐Ÿ‡นInter Milan
91%
๐Ÿ‡ต๐Ÿ‡นPorto
90%
๐Ÿ‡ต๐Ÿ‡นBenfica
85%
๐Ÿ‡ฎ๐Ÿ‡นNapoli
82%
๐Ÿ‡ซ๐Ÿ‡ทLyon
81%
๐Ÿ‡ฎ๐Ÿ‡นRoma
80%
๐Ÿ‡ณ๐Ÿ‡ฑPSV Eindhoven
76%
๐Ÿ‡ช๐Ÿ‡ธValencia
67%
๐Ÿ‡ท๐Ÿ‡บCSKA Moscow
66%
๐Ÿ‡ง๐Ÿ‡ชClub Brugge
65%
๐Ÿ‡บ๐Ÿ‡ฆShakhtar Donetsk
64%
๐Ÿ‡น๐Ÿ‡ทGalatasaray
61%
๐Ÿ‡ซ๐Ÿ‡ทMonaco
61%
๐Ÿ‡ฉ๐Ÿ‡ชSchalke 04
58%
๐Ÿ‡ท๐Ÿ‡ธRed Star Belgrade
55%
๐Ÿ‡จ๐Ÿ‡ญYoung Boys
54%
๐Ÿ‡ฌ๐Ÿ‡ทAEK Athens
48%
๐Ÿ‡ท๐Ÿ‡บLokomotiv Moscow
42%
๐Ÿ‡จ๐Ÿ‡ฟViktoria Plzeลˆ
36%
๐Ÿ‡ฉ๐Ÿ‡ชTSG 1899 Hoffenheim
32%

Score Distribution

Percentile by Number Answered

Percent of People with Each Score

Your Score History

You have not taken this quiz